| 000 | 00811nam a22002297a 4500 | ||
|---|---|---|---|
| 005 | 20150513151639.0 | ||
| 010 | _aB-520875-904 | ||
| 020 |
_a9788183281898 _c169.00 |
||
| 035 | _aB-520875-904 | ||
| 035 | _aG-003635 | ||
| 037 |
_bBBB/Ven _adpl |
||
| 037 | _bReceived from DB Act Children Books | ||
| 082 | _aS | ||
| 100 | _aKelker, Gauri | ||
| 245 |
_aTales of Wisdom Unique Vocabulary Enhancer: _blittel monk's lakshmi / _cby Gauri Kelker, illustrated by Subir Roy |
||
| 260 |
_aNew Delhi _bWisdom Tree Publisher _c2011 |
||
| 270 |
_a4779/23, Ansari Road, Darya Ganj _bNew Delhi _e110002 |
||
| 300 |
_a57p.: _bcol.ill. _c22cm.(pbk) |
||
| 700 | _aillustrated by Roy, Subir | ||
| 942 |
_2ddc _cCH _hS _mKEL |
||
| 999 |
_c79344 _d79344 |
||